000 00758nam a2200229Ii 4500
003 JO-AjNU
008 230605s9999||||xx |||||||||||||| ||und||
017 _a2001/10/2222
020 _a9957-11-273-6
040 _aJO-AjNU
_bara
_erda
_cJO-AjNU
041 _aara
050 1 4 _aQA76.B3742 2002
100 3 _aمحمد ، بسام اسماعيل/ م مشارك محمد خالد الرجوب ,
_eauthor
_933320
245 0 0 _a مهارات في الحاسوب : بنية الحاسوب
250 _aط1
264 3 1 _aعمان: دار وائل، 2002
300 _a436ص
336 _atext
_btxt
_2rdacontent
337 _aunmediated
_bn
_2rdamedia
338 _avolume
_bnc
_2rdacarrier
650 4 _aحاسبات الكترونية -حاسوب
_933321
999 _aA13550
_c17118
_d17118